A Néptanítók Lapja szerkesztőségének levele Herrmann Antalhoz
Elmentve itt :
| Dokumentumtípus: | Kézirat |
|---|---|
| Kulcsszavak: | Néptanítók Lapja |
| Online Access: | http://misc.bibl.u-szeged.hu/46739 |
| LEADER | 00540ntm a2200145 i 4500 | ||
|---|---|---|---|
| 001 | misc46739 | ||
| 005 | 20200427142013.0 | ||
| 008 | 200427suuuu hu o 0|| hun d | ||
| 040 | |a SZTE Miscellanea Repozitórium |b hun | ||
| 041 | |a hun | ||
| 245 | 0 | 2 | |a A Néptanítók Lapja szerkesztőségének levele Herrmann Antalhoz |h [elektronikus dokumentum] |
| 300 | |a 1 | ||
| 561 | |a Herrmann Antal hagyaték | ||
| 695 | |a Néptanítók Lapja | ||
| 856 | 4 | 0 | |u http://misc.bibl.u-szeged.hu/46739/1/hermann_antal_boritek_008_005_neptanitok_lapja_level.pdf |z Dokumentum-elérés |